Chinese rural development : the great transformation
Αποθηκεύτηκε σε:
| Άλλοι συγγραφείς: | |
|---|---|
| Μορφή: | Βιβλίο |
| Γλώσσα: | English |
| Δημοσίευση: |
Armonk, New York :
M.E. Sharpe,
c1985
|
| Θέματα: | |
| Ετικέτες: |
Προσθήκη ετικέτας
Δεν υπάρχουν, Καταχωρήστε ετικέτα πρώτοι!
|
MARC
| LEADER | 00000nam a2200000 i 4500 | ||
|---|---|---|---|
| 001 | 1/15130 | ||
| 008 | 010110s1985 eng d | ||
| 020 | |a 0-87332-344-0 | ||
| 035 | |l 10065274 | ||
| 040 | |a GR-MY-UA |b gre |e aacr | ||
| 041 | 0 | |a eng | |
| 082 | 0 | |a 307.140951 | |
| 245 | 1 | 0 | |a Chinese rural development : |b the great transformation / |c William L. Parish, editor |
| 260 | |a Armonk, New York : |b M.E. Sharpe, |c c1985 | ||
| 300 | |a 278 p. | ||
| 504 | |a Includes bibliographical references and index | ||
| 650 | 0 | 0 | |a Rural development |z China. |
| 650 | 0 | 0 | |a Peasantry |z China. |
| 650 | 0 | 0 | |a Speeches, addresses, etc. |
| 651 | 0 | |a China |x Rural conditions. | |
| 700 | 1 | |a Parish, William L. |4 edt | |
| 852 | |a INST |b LESVOS |e 20010110 |h 307.140951 CHI |p 005100027266 |q 005100027266 |t BK |y 0 | ||
| 901 | |a BIBL1-2001-1 | ||
| 909 | |a Λ |b 084288 | ||
| 922 | |a 1ΕΛΗ |b 200012 |c ΤΑΚ/ΤΓ |d ΜΙΧΑΛΟΠΟΥΛΟΣ | ||
| 950 | |a 118-1999-09-03 | ||
| 970 | |a ΤΖΑΦΕΡΗ |b ΕΥΑΓΓΕΛΙΑ |z 2001/01/25 | ||